• 首页
  • 本馆介绍
  • 公告通知
  • 最新文献
  • 馆藏检索
  • 电子资源
  • 读者导购
  • 参考咨询
  • 我的图书馆
  • 登录
  • 详细信息显示
  • 放入我的书架
  • 预约/预借图书
  • 作者相关作品
  • 分类相关作品
  • 丛书相关作品
  • 出版社相关作品

书目信息

  • 表格格式
  • 工作单格式
  • 卡片格式
题名:
马卡连柯论青少年教育
    
 
作者: 马卡连柯 著 ;邱国梁 编
分册:  
出版信息: 北京   中国青年出版社  1984
页数: 154页
开本: 21cm
丛书名:
单 册:
中图分类: G775 , G40
科图分类:
主题词: 青少年教育
电子资源:
ISBN:
000 00723nam0 2200265 45
001 0184005055
005 20040428153919.4
010    @dCNY0.52
091    @a3009.241
100    @a19950624d1984 emky0chiy0121 ea
101 1  @achi@crus
102    @aCN@b110000
105    @ay z 000yy
106    @ar
200 10 @a马卡连柯论青少年教育@Ama ka lian ke lun qing shao nian jiao yu@f(苏)马卡连柯著@g邱国梁编
210    @a北京@c中国青年出版社@d1984
215    @a154页@d21cm
606    @a青少年教育
690    @aG775@v3
690    @aG40
701  1 @a马卡连柯@Ama ka lian ke@4著
702  0 @a邱国梁@Aqiu guo liang@4编
801  0 @aCN@b上海图书馆@c20040428
801  2 @aCN@bNLC@c20040428
905    @f1@b124061@dG40@e63
    
    马卡连柯论青少年教育/(苏)马卡连柯著/邱国梁编.-北京:中国青年出版社,1984
    154页;21cm
    
    
    ISBN :CNY0.52
    
●
相关链接 在E读中查询图书 在五车中查询图书 在当当中查询图书 在豆瓣中查询图书


正题名:马卡连柯论青少年教育     索取号:G40/63         预约/预借

序号 登录号 条形码 馆藏地/架位号 状态 备注
1 0124061   000286960   第四借阅区/ [索取号:G40/63] 在馆    
2 0124062   001747916   密集书库/ [索取号:G40/63] 在馆    
3 0124063   002065981   第一样本阅览室/ [索取号:G40/63] 在馆    
唐山师范学院图书馆 欢迎您!
大连网信软件有限公司© 版权所有